Climate change: what role for sociology?, a response to constance lever-tracy /

Este artículo se constituye en una respuesta a muchos de los postulados y argumentos que Constance Lever-Tracy emula sobre el papel de los sociólogos en los debates sobre cambio climático. Particularmente los autores responden a 4 temas particulares: 1) Existen otras razones que explican la falta de...

Deskribapen osoa

Gorde:
Xehetasun bibliografikoak
Egile nagusia: Grundmann, Reiner
Beste egile batzuk: Stehr, Nico
Formatua: Texto
Gaiak:
Etiketak: Etiketa erantsi
Etiketarik gabe, Izan zaitez lehena erregistro honi etiketa jartzen!

MARC

LEADER 00000 a a2200000 04500
001 45297
003
040
100 |a Grundmann, Reiner  
245 |a Climate change:   |b what role for sociology?, a response to constance lever-tracy /  |c Reiner Grundmann, Nico Stehr  
500 |a r.grundmann@aston.ac.uk   |a nico.stehr@t-online.de  
520 |a Este artículo se constituye en una respuesta a muchos de los postulados y argumentos que Constance Lever-Tracy emula sobre el papel de los sociólogos en los debates sobre cambio climático. Particularmente los autores responden a 4 temas particulares: 1) Existen otras razones que explican la falta de interés de los sociólogos en el cambio climático 2) El verdadero reto para los estudios sobre el cambio climático es interdisciplinario 3) El constructivismo debe jugar un mayor papel y 4) Es debatible que el cambio climático deba constituirse en el centro de la disciplina sociológica.  
590 |a RRH/FEBRERO2014  
650 |a SOCIOLOGIA  
650 |a CAMBIO CLIMATICO  
650 |a INTERDISCIPLINARIEDAD  
650 |a CONSTRUCTIVISMO  
650 |a CIENCIA  
700 |a Stehr, Nico  
773 |g volumen58, número6 (2010), páginas 897-910  
999 |c 25081  |d 25081